00313pab a2200121 454500008004000000100001900040245006300059260000900122300001300131362001100144650002100155773001500176180718b2002 xxu||||| |||| 00| 0 eng d aDatta, Prabhat aMetropolitan planning committee: West Bengal shows the way c2002 ap.27-29. a13 Jul aLocal government aMainstream